Así se dibujan letras, rótulos, logotipos
Guardat en:
| Autor principal: | |
|---|---|
| Format: | Llibre |
| Idioma: | espanyol |
| Publicat: |
Barcelona
Parramón
1984
|
| Edició: | 9a. ed |
| Col·lecció: | Aprender haciendo-grafismo
|
| Matèries: | |
| Etiquetes: |
Afegir etiqueta
Sense etiquetes, Sigues el primer a etiquetar aquest registre!
|
MARC
| LEADER | 00000nam a2200000 a 4500 | ||
|---|---|---|---|
| 001 | UCV9507 | ||
| 003 | CL-VaPUC | ||
| 008 | 921104e19840000SP |||||||||||||||||spa|d | ||
| 082 | 0 | 4 | |a 686.2247 |b PAR |2 21 |
| 100 | |a Parramón Vilasaló, José Maria |e autor |9 372579 | ||
| 245 | 1 | 0 | |a Así se dibujan letras, rótulos, logotipos |
| 250 | |a 9a. ed | ||
| 300 | |a 144 p | ||
| 942 | |c BK | ||
| 945 | |d 19921104 00:00:00 | ||
| 260 | |a Barcelona |b Parramón |c 1984 | ||
| 650 | 7 | |a COMPOSICION TIPOGRAFICA |2 CL-VaPUC |9 266378 | |
| 650 | 7 | |a LETREROS |2 CL-VaPUC |9 260771 | |
| 650 | 7 | |a LOGOTIPOOBRAS ILUSTRADAS |2 CL-VaPUC |9 268257 | |
| 583 | |a last modification |c 19921104 00:00:00 |k Rodrigo Vera | ||
| 490 | 0 | |a Aprender haciendo-grafismo | |
| 999 | |c 214830 |d 214828 | ||
| 952 | |0 0 |1 0 |4 0 |6 686_224700000000000_PAR_1984 |7 0 |8 A |9 198587 |a BIBARQ |b BIBARQ |d 2019-11-14 |i 266027K |o 686.2247 PAR 1984 |p 266027K |r 2025-01-20 |w 2019-11-14 |y BK |k ARQ | ||